<?xml version="1.0" encoding="UTF-8"?>
<record
    xmlns:xsi="http://www.w3.org/2001/XMLSchema-instance"
    xsi:schemaLocation="http://www.loc.gov/MARC21/slim http://www.loc.gov/standards/marcxml/schema/MARC21slim.xsd"
    xmlns="http://www.loc.gov/MARC21/slim">

  <leader>00177nam a2200085   4500</leader>
  <controlfield tag="001">1258018</controlfield>
  <controlfield tag="005">20260223125700.0</controlfield>
  <datafield tag="245" ind1=" " ind2=" ">
    <subfield code="a">PARMAK U&#xC7;LARI</subfield>
    <subfield code="c">SERAN DEM&#x130;RAL</subfield>
  </datafield>
  <datafield tag="260" ind1=" " ind2=" ">
    <subfield code="b">TUDEM</subfield>
  </datafield>
  <datafield tag="999" ind1=" " ind2=" ">
    <subfield code="c">1258018</subfield>
    <subfield code="d">1258018</subfield>
  </datafield>
  <datafield tag="952" ind1=" " ind2=" ">
    <subfield code="0">0</subfield>
    <subfield code="1">0</subfield>
    <subfield code="2">ddc</subfield>
    <subfield code="4">0</subfield>
    <subfield code="7">0</subfield>
    <subfield code="a">1065</subfield>
    <subfield code="b">1065</subfield>
    <subfield code="d">2026-02-23</subfield>
    <subfield code="l">0</subfield>
    <subfield code="o">Q7</subfield>
    <subfield code="p">106517266</subfield>
    <subfield code="r">2026-02-23 12:57:33</subfield>
    <subfield code="w">2026-02-23</subfield>
    <subfield code="y">BK</subfield>
  </datafield>
</record>
